| 000 | 00807nji a22002057a 4500 | ||
|---|---|---|---|
| 005 | 20141029171953.0 | ||
| 007 | cd | ||
| 008 | 141029b xxu||||| |||| 00| 0 eng d | ||
| 010 | _advd-008349-51 | ||
| 024 |
_a798936835628 _c595.00 |
||
| 035 | _advd-008349-51 | ||
| 245 |
_aBritannica: Quiz Show _bShow what you know _cEncyclopedia Britannica _hcd-rom |
||
| 260 |
_aN.Delhi _c2007 |
||
| 270 |
_aA-41,Ground Floor.(L-2) Mohan Cooperative,Main Mathura Road, _bN.Delhi _dIndia |
||
| 300 | _adisc(cd) | ||
| 500 | _aGeography,Art &Literature,Sports,Science,History. | ||
| 521 | _aSystem Requirement: Window Vista xp98se, 8mb DirectX | ||
| 942 |
_2ddc _cCF _mBRI |
||
| 999 |
_c89725 _d89725 |
||